Personnages célèbres - Série 58 - Statistiques

Statistiques générales
  • Ce quiz a été pris 160 fois
  • Le résultat moyen est 8 sur 15
Statistiques - réponses
Par images Hint Réponse % Correct
Marianne - chanson James
77%
David - football Ginola
75%
Cate - cinéma Blanchett
74%
Marion - cinéma Game
69%
Laura - escrime Flessel
68%
Issa - cinéma Doumbia
64%
Blanche - humoriste Gardin
64%
Vanessa - cinéma Demouy
55%
Béatrice Martin-chanson Coeur de pirate
53%
Anne - cinéma Hathaway
47%
Simon - cinéma Baker
46%
Guy - humoriste Montagné
40%
Thomas - journaliste Sotto
39%
Christine - athlétisme Arron
38%
Pascal - producteur Nègre
32%
Aucun quiz correspondant
Distribution des résultats
% des personnes avec chaque résultat
Percentile par nombre de réponses
Votre historique - résultats
Vous n’avez pas pris ce quiz